Statistics for Country Picture Puzzle Game #14

Click here to take the quiz!

General Stats

  • This quiz has been taken 542 times
  • The average score is 13 of 17

Answer Stats

Hint Answer % Correct
HTML tutorial ____ Moresby, ____-au-Prince, ____ of SpainPort
94%
HTML tutorial The most populous city in AustraliaSydney
93%
HTML tutorial Capital city of ArgentinaBuenos Aires
91%
HTML tutorial Capital city of New ZealandWellington
91%
HTML tutorial Anotrer name of Timor LesteEast Timor
89%
HTML tutorial What is the most spoken dialect in China besides Cantonese?Mandarin
88%
HTML tutorial ______ of Cancer, ______ of CapricornTropic
83%
HTML tutorial Where can you find Rhodes, Chalkidiki, Piraeus...Greece
82%
HTML tutorial The world's second-tallest mountainK2
80%
HTML tutorial A piece of land that is bordered by water on three sides
but connected to mainlan
Peninsula
77%
HTML tutorial Most sacred river in HinduismGanges
76%
HTML tutorial Big river on French-German borderRhine
73%
HTML tutorial Largest island of JapanHonshu
70%
Dutch-speaking region of BelgiumFlanders
69%
HTML tutorial Where can you find the 26 cantons?Switzerland
65%
HTML tutorial Canada's largest islandBaffin
62%
Vatican City
37%

Score Distribution

Percentile by Number Answered

Percent of People with Each Score

Your Score History

You have not taken this quiz